Word Ladder: Rainer Werner Fassbinder Quiz Stats

 Plays Quiz not verified by Sporcle

Challenge
Share
Tweet
Score 0/33 Timer 04:00
0 Plays Today
Clue 4-Letter Rung % Correct
Did goWENT
95.7%
• 1976: I Only ____ You to Love Me •• WANT •
95.7%
CurvedBENT
95.7%
Fozzie, or YogiBEAR
95.2%
Fourth planet from the SunMARS
95.2%
Female stallionMARE
95.2%
Not lessMORE
95.2%
Citizen ____KANE
94.7%
Hearing organsEARS
94.7%
HitBEAT
93%
Stuff to eatFOOD
93%
Change positionMOVE
92.5%
• 1972: The Bitter Tears of Petra von ____• KANT •
92%
• 1969: ____ Is Colder Than Death •• LOVE •
92%
JesterFOOL
92%
Traditional knowledgeLORE
91.4%
In the ____ for LoveMOOD
90.9%
Clue 4-Letter Rung % Correct
• 1971: The Merchant of ____ Seasons •• FOUR •
90.9%
One of the four elementsFIRE
90.4%
Unfair playFOUL
90.4%
DeclineWANE
89.8%
Not sweet, salty or bitterSOUR
89.8%
Crazy personLOON
89.3%
Articles of merchandiseWARE
88.8%
Coniferous treesFIRS
88.8%
• 1978: In a Year of Thirteen ____s •• MOON •
88.8%
Has the right sizeFITS
88.2%
• 1973: World on a ____• WIRE •
87.2%
ForsakenLORN
85%
White or yellowish greasy substancesFATS
73.8%
• 1974: Ali: [rung 1] ____ the [rung 33] •• EATS •
73.8%
• 1974: Ali: [rung 1] [rung 16] the ____• SOUL •
64.7%
• 1974: Ali: ____ [rung 16] the [rung 33] •• FEAR •
60.4%

You're not logged in!

Compare scores with friends on all Sporcle quizzes.
OR
Log In

You Might Also Like...

Show Comments

Extras

Top Quizzes Today


Score Distribution

Your Account Isn't Verified!

In order to create a playlist on Sporcle, you need to verify the email address you used during registration. Go to your Sporcle Settings to finish the process.

Report this User

Report this user for behavior that violates our Community Guidelines.

Details: